Vokrug menedžmenta i marketinga
Gespeichert in:
| 1. Verfasser: | |
|---|---|
| Weitere Verfasser: | |
| Format: | Buch |
| Sprache: | Russisch |
| Veröffentlicht: |
Bratislava
Metodičeskij centr goroda Bratislavy
1991
|
| Ausgabe: | 1. vyd. |
| Schlagworte: | |
| Tags: |
Keine Tags, Fügen Sie das erste Tag hinzu!
|
MARC
| LEADER | 00000nam a2200000 4500 | ||
|---|---|---|---|
| 001 | c001388 | ||
| 005 | 20221214102254.9 | ||
| 041 | 0 | |a rus | |
| 044 | |a SK | ||
| 245 | 1 | 0 | |a Vokrug menedžmenta i marketinga |c Ľudmila Michajlova, Katarína Gogová |
| 250 | |a 1. vyd. | ||
| 264 | 1 | |a Bratislava |b Metodičeskij centr goroda Bratislavy |c 1991 | |
| 300 | |a 36 s. | ||
| 610 | 2 | 0 | |a jazykoveda |
| 610 | 2 | 0 | |a ruština |
| 610 | 2 | 0 | |a marketing |
| 610 | 2 | 0 | |a manažment |
| 100 | 1 | |a Michajlova, Ľudmila | |
| 700 | 1 | |a Gogová, Katarína | |